| 000 | 03057cam a22003854i 4500 | ||
|---|---|---|---|
| 003 | PE-LiUPU | ||
| 005 | 20250731183445.0 | ||
| 008 | 150623s r 000 0 d | ||
| 020 |
_a0916642178 _qJUBILATE! 1981 |
||
| 020 |
_a0916642178 _qJUBILATE II, 1993 |
||
| 040 |
_aPE-LiUPU _bspa _cPE-LiUPU _erda |
||
| 049 | _aPRUA | ||
| 082 | 0 | 4 |
_a782 _bH972j _223 |
| 100 | 1 | 0 |
_aHustad, Donald P., _eautor. |
| 245 | 1 | 0 |
_aJubilate : church music in the evangelical tradition / _cDonald P. Hustad. |
| 264 | 1 |
_aCarol Stream, Illinois : _bHope Publishing Company, _c1981. |
|
| 300 |
_a2 volúmenes ; _c24 centímetros. |
||
| 336 |
_atext _2rdacontent |
||
| 337 |
_aunmediated _2rdamedia |
||
| 338 |
_avolume _2rdacarrier |
||
| 504 | _aIncluye bibliografía. | ||
| 505 | 0 | _aJUBILATE!: Music: God's Gift to us -- Churchi music: A functional Art -- Music languages: Communication and conflict -- Authorityand leadership in evangelical church music -- Christian worship: A definition and some implications for church music -- Music and worship in the bible --Christian worship from the second century through the reformation -- Music and renewal in the church -- Music and worship en Américas -- The drama of worship for contemporary evangelicals -- Music in Services of evangelism and fellowship -- Music in special serrvices of worship, including weddings, funerals and baptisms -- Music in foreig missions -- Evangelical and insgrumental music -- Evangelicals and music for choris -- Evangelicals and music for soloists (and small ensembles) -- Poscripts. | |
| 505 | 0 | _aJUBILATE II: Music: God's gift to Us. -Church music: a functional art. –Church Music languages: communication and conflict. -Authority and responsability in church music. – The nature of Christian worship in relation to its musical expression – Music and worship in bible times – Music in worship and renewal f rom the second through the 15th centuries – Music in worhip and renewal in América in the 20th century – Woeship/music revolution tin the late 20th century -- The drama of worship for contemporary believers – Music in special services of worship, including weddings, funerals, baptisms, and child dedications – Music in evalgelism: proclamation and fellowship – Music in foreign missions: proclamation and education – Music for choris: education and pastoral care – Music for the congregation – Music for instrumentalists – Music for soloists and small ensembles – An epilog: Is this one of God’s Terrible springtimes? | |
| 526 | _aP158 | ||
| 526 | _aP146 | ||
| 526 | _aP17 | ||
| 526 | _aP12 | ||
| 526 | _aP06 | ||
| 650 | 0 | 4 |
_aMúsica en la iglesia _xProtestantes. |
| 942 |
_2ddc _cBK _n0 |
||
| 949 |
_a782 H972j _wDEWEY _c1 _i41957 _lCCODEBUL1 _mBUL _r0 _sY _tBOOK _u2015-6-16 _xTEOLOGIA _zUNKNOWN _0COMPRA _o.STAFF. Colección General |
||
| 949 |
_a783 H97J _wDEWEY _c1 _i45471 _lCCODEBUL1 _mBUL _r0 _sY _tBOOK _u2015-6-24 _xTEOLOGIA _0COMPRA _o.STAFF. Colección General |
||
| 980 |
_81 _gALBERTO SANCHEZ Responsable de Automatización |
||
| 999 |
_c59701 _d59701 |
||